Verdad y leyenda de Tina Modotti /
Gardado en:
| Autor Principal: | |
|---|---|
| Formato: | Desconocido |
| Idioma: | Spanish |
| Publicado: |
La Habana, Cuba :
Casa de las Américas,
c1989.
|
| Materias: | |
| Etiquetas: |
Engadir etiqueta
Sen Etiquetas, Sexa o primeiro en etiquetar este rexistro!
|
MARC
| LEADER | 000000000a22000000004500 | ||
|---|---|---|---|
| 001 | 001894 | ||
| 041 | 0 | |a spa | |
| 082 | 0 | 4 | |a 770.82 |b B243v |
| 100 | 1 | |a Barckhausen-Canale, Christiane, |d 1942 | |
| 245 | 1 | 0 | |a Verdad y leyenda de Tina Modotti / |c Christiane Barckhausen-Canale. |
| 260 | 1 | |a La Habana, Cuba : |b Casa de las Américas, |c c1989. | |
| 300 | |a 349 páginas : |b fotografías, ilustraciones, retratos | ||
| 500 | |a La biblioteca contiene otro ejemplar con número de inscripción 7677 | ||
| 650 | 4 | |a MODOTTI, TINA, (1896-1942) | |
| 650 | 4 | |a MUJERES | |
| 650 | 4 | |a FOTOGRAFIA | |
| 650 | 4 | |a MEXICO | |
| 650 | 4 | |a BIOGRAFIAS | |
| 999 | |c 8540 |d 8540 | ||
| 942 | |c BK |h 770.82 B243v |2 z | ||
